• 首页
  • 本馆介绍
  • 公告通知
  • 最新文献
  • 馆藏检索
  • 电子资源
  • 读者导购
  • 参考咨询
  • 我的图书馆
  • 登录
  • 详细信息显示
  • 放入我的书架
  • 预约/预借图书
  • 作者相关作品
  • 分类相关作品
  • 丛书相关作品
  • 出版社相关作品

书目信息

  • 表格格式
  • 工作单格式
  • 卡片格式
题名:
新编旅游市场营销学
    
 
作者: 赵毅 , 叶红 主编 ;余洁 副主编
分册:  
出版信息: 北京   清华大学出版社  2006
页数: 11,444页
开本: 26cm
丛书名:
单 册:
中图分类: F590.8
科图分类:
主题词: 旅游市场--教材--市场营销学--高等学校
电子资源:
ISBN: 7-302-13151-1
000 01185nam0 2200277 450
000 01191nam0 2200277 450
000 01122nam0 2200253 450
000 01085nam0 2200241 450
005 20070602084918.00
010    @a7-302-13151-1@b平塑@dCNY39.00
100    @a20010611d2006 am y0chiy0120 eb
101 0  @achi
102    @aCN@b110000
105    @aa z 000yy
200 1  @a新编旅游市场营销学@AXin Bian Lu^ You Shi Chang Ying Xiao Xue@f赵毅,叶红主编@FZhao Yi , Ye Hong Zhu Bian@g余洁等副主编
210    @a北京@c清华大学出版社@d2006
215    @a11,444页@c图@d26cm
300    @a清华版·高等院校旅游与饭店管理专业规划教材
330    @a旅游市场营销是旅游管理专业的主干课程,也是旅游管理专业的必修课.本书共十一章,分别论述了旅游市场营销概论、旅游市场营销环境、旅游市场调研与预测、旅游市场购买行为、旅游目标市场选择与市场定位、旅游服务营销、旅游目的地营销策略、旅游饭店营销策略、旅行社营销策略、旅游景区营销策略、旅游营销活动管理等内容。
606 0  @a旅游市场@j教材@x市场营销学@x高等学校
690    @aF590.8@v4
701  0 @a赵毅@AZhao Yi@4主编
701  0 @a叶红@AYe Hong@4主编
702  0 @a余洁@AYu Jie@4副主编
801  0 @aCN@bTAOJIN@c20070602
905    @a10447@dF590.8@e145
    
    新编旅游市场营销学/赵毅,叶红主编/余洁等副主编.-北京:清华大学出版社,2006
    11,444页:图;26cm
    清华版·高等院校旅游与饭店管理专业规划教材
    
    ISBN 7-302-13151-1(平塑):CNY39.00
    旅游市场营销是旅游管理专业的主干课程,也是旅游管理专业的必修课.本书共十一章,分别论述了旅游市场营销概论、旅游市场营销环境、旅游市场调研与预测、旅游市场购买行为、旅游目标市场选择与市场定位、旅游服务营销、旅游目的地营销策略、旅游饭店营销策略、旅行社营销策略、旅游景区营销策略、旅游营销活动管理等内容。
●
相关链接 在E读中查询图书 在五车中查询图书 在当当中查询图书 在豆瓣中查询图书


正题名:新编旅游市场营销学     索取号:F590.8/145         预约/预借

序号 登录号 条形码 馆藏地/架位号 状态 备注
1 0524113   205241139   第一样本阅览室/ [索取号:F590.8/145] 在馆    
2 0524114   205241148   第一借阅区/ [索取号:F590.8/145] 在馆    
3 0524115   205241157   第一借阅区/ [索取号:F590.8/145] 在馆    
4 0524116   205241166   第一借阅区/ [索取号:F590.8/145] 在馆    
5 0524117   205241175   第一借阅区/ [索取号:F590.8/145] 在馆    
6 0524118   205241184   密集书库/ [索取号:F590.8/145] 在馆    
7 0524119   205241193   密集书库/ [索取号:F590.8/145] 在馆    
8 0524120   205241200   密集书库/ [索取号:F590.8/145] 在馆    
唐山师范学院图书馆 欢迎您!
大连网信软件有限公司© 版权所有